000 00352nam a22001457a 4500
008 230612b ||||| |||| 00| 0 eng d
020 _a9781401837334
041 _aeng
080 _a616
082 _a616BOU
100 _a12
101 _aSTM
245 _aMATERIALS AND PROCEDURES FOR TODAY'S DENTAL ASSISTANT
_cBOURGUIGNON .D.E
942 _2udc
_cBK
999 _c59928
_d59928